000 004010000a22001450004500
003 LK-CoMWRAF
008 230817t ||||| |||| 00| 0 eng d
040 _aLK-CoMWRAF
_dLK-CoMWRAF
_eLK-CoMWRAF
041 _aeng
082 _a500.3
_bCOM
245 _aCompilation of press clippengs on the resistance to the gulf war
_b
260 _bWLUML
_c1991
650 _acompilation of information.
942 _cBK
999 _c3016
_d3016